Código de la infancia y la adolescencia; ley 1098 noviembre 8 de 2006 (Registro nro. 48825)

Detalles MARC
000 -CABECERA
Longitud fija campo de control 00650nam a2200205Ii 4500
003 - IDENTIFICADOR DEL NUMERO DE CONTROL
Identificador del número de control CO-ViMGA
008 - CODIGOS DE INFORMACION DE LONGITUD FIJA
Códigos de información de longitud fija 241108s9999||||xx |||||||||||||| ||und||
040 ## - FUENTE DE LA CATALOGACION
Centro catalogador de origen CO-ViMGA
Lengua de catalogación spa
Normas de descripción rda
Centro transcriptor CO-ViMGA
041 0# - CODIGO DE LENGUA
Código de lengua del texto/banda sonora o título independiente spa
082 04 - NUMERO DE LA CLASIFICACION DECIMAL DEWEY
Número de clasificación (R) R 345.08 C65g
110 1# - PUNTO DE ACCESO PRINCIPAL-NOMBRE DE ENTIDAD CORPORATIVA
Nombre de entidad corporativa o nombre de jurisdicción como elemento inicial Colombia: Gobernación del Meta
245 10 - TITULO PROPIAMENTE DICHO
Título Código de la infancia y la adolescencia; ley 1098 noviembre 8 de 2006
264 #1 - PRODUCCION, PUBLICACION , DISTRIBUCION, FABRICACION Y COPYRIGHT
Lugar de producción, publicación, distribución, fabricación Bogotá, Colombia : Graficas El Dorado, 2008
300 ## - DESCRIPCION FISICA
Extensión volumen
336 ## - TIPO DE CONTENIDO
Término de tipo de contenido text
Código de tipo de contenido txt
Fuente rdacontent
337 ## - TIPO DE MEDIO
Nombre del tipo de medio unmediated
Código del tipo de medio n
Fuente rdamedia
338 ## - TIPO DE SOPORTE
Nombre del tipo de soporte volume
Código del tipo de soporte nc
Fuente rdacarrier
940 ## -
T&íacute;tulo uniforme <a href="idficha_siabuc: 13954. -- ficha_no_siabuc:14257">idficha_siabuc: 13954. -- ficha_no_siabuc:14257</a>
Existencias
Perdido Estado Físico No para pr&eacute;stamo Forma de adquisición Localizaci&oacute;n permanente Localizaci&oacute;n actual Localización en estanterías Fecha adquisici&oacute;n Signatura completa C&oacute;digo de barras Fecha &uacute;ltima consulta N&uacute;mero de copia Fecha del precio de reemplazo Tipo de item de Koha Note p&uacute;blica Fuente de clasificaci&oacute;n o esquema Pr&eacute;stamos totales
      Sala de Referencia Maruja Hernández de Gil Biblioteca Pública Departamental Eduardo Carranza - Villavicencio Biblioteca Pública Departamental Eduardo Carranza - Villavicencio Referencia 08/05/2009 R 345.08 C65g ECA18911 11/26/2024 Ej.1 11/26/2024 LIbro 13954 | 18421    
      Colección Fondo Patrimonial del Meta Biblioteca Pública Departamental Eduardo Carranza - Villavicencio Biblioteca Pública Departamental Eduardo Carranza - Villavicencio Local Patrimonial 07/28/2017 R 345.08 C65g ECA26143 11/26/2024 Ej.2 11/26/2024 LIbro 13954 | 18422    
      Colección General Biblioteca Pública Puerto Concordia Biblioteca Pública Puerto Concordia General 01/20/2026 R 345.08 C65g PCON00221 01/20/2026 Ej.1 01/20/2026 LIbro   Dewey Decimal Classification  









Instituto Departamental de Cultura del Meta - Red Departamental de Bibliotecas Públicas del Meta.